Mario Kart Double Dash - les Personnages [avec image] - Statistiques

Statistiques générales
  • Ce quiz a été pris 53 fois
  • Le résultat moyen est 18 sur 20
Statistiques - réponses
Par images Réponse % Correct
Bowser
100%
Donkey Kong
100%
Luigi
100%
Mario
100%
Princesse Daisy
100%
Princesse Peach
100%
Toad
100%
Wario
100%
Yoshi
100%
Bébé Luigi
96%
Bébé Mario
96%
Waluigi
96%
Diddy Kong
93%
Toadette
93%
Koopa Troopa
89%
Roi Boo
89%
Bowser Jr.
86%
Birdo
82%
Flora Piranha
68%
Paratroopa
57%
Aucun quiz correspondant
Distribution des résultats
% des personnes avec chaque résultat
Percentile par nombre de réponses
Votre historique - résultats
Vous n’avez pas pris ce quiz